| 000 | 00361 a2200109 4500 | ||
|---|---|---|---|
| 001 | ART_40018 | ||
| 005 | 20260410161841.0 | ||
| 008 | 260409a | ||
| 245 | 1 | 0 | _aEl papel del estado respecto de los derechos de las minorías ante la discriminación |
| 100 | 1 | _aCaputi, María Claudia | |
| 773 | 0 |
_tRAP _g- Año 24, Nº 281 (feb. 2002) _wREV5941 |
|
| 999 |
_c24138 _d24138 |
||